000 00603nam a22001697a 4500
008 160116b xxu||||| |||| 00| 0 eng d
020 _a978-971-9617-25-9
082 _aDFil 363.25
_bV71i
100 _91846
_aVillaluz, Joner C.
245 _aInstructional module on special crime investigation/
_cJoner C. Villaluz
260 _aQuezon City:
_bWiseman's Books Trading, Inc.,
_cc2014.
300 _aii, 223 pages;
_billustrations;
_c22 cm.
500 _aIncludes bibliographical references.
650 0 _91848
_aCriminal Investigation
_zPhilippines.
700 _93012
_aRodriguez, Rex C.
942 _2ddc
_cDFIL
999 _c690
_d690